000 00491nam a2200205Ia 4500
005 20240823021620.0
008 240823s9999||||xx |||||||||||||| ||und||
020 _a81-239-0657-9
041 _aENGLISH
082 _A620.112 P1
100 _aBasavarajaiah B S
245 0 _aStrenth of Materials
250 _a2nd
260 _c2001
_b"CBS,"
_aNew Delhi
500 _aYES
650 _aMaterials
_bAeronautical Engineering
700 _a Mahadevappa
942 _cBK
999 _c177384
_d177384